[Event "Omsk-ch op"]
[Site "Omsk"]
[Date "2009.02.23"]
[Round "9"]
[White "Artemiev, Vladislav"]
[Black "Jushchenko, Varvara"]
[Result "0-1"]
[WhiteElo "2081"]
[BlackElo "2078"]
[PlyCount "56"]
[EventDate "2009.02.12"]
[EventType "swiss"]
[EventRounds "11"]
[EventCountry "RUS"]
[SourceTitle "CBM 129 Extra"]
[Source "ChessBase"]
[SourceDate "2009.05.05"]
[SourceVersion "2"]
[SourceVersionDate "2009.05.20"]
[SourceQuality "1"]

1. e4 d5 2. exd5 Qxd5 3. Nc3 Qd6 4. d4 Nf6 5. Be3 a6 6. Qd2 b5 7. 0-0-0 Bb7 8. f3 Nbd7 9. Bd3 e6 10. Nge2 Nb6 11. Ne4 Qd7 12. Nxf6+ gxf6 13. Kb1 Nd5 14. Nf4 Nxe3 15. Qxe3 0-0-0 16. Ne2 f5 17. c3 h5 18. Nc1 Bd5 19. Nb3 Qc6 20. Rhe1 Bd6 21. h3 Rdg8 22. Bf1 Rg6 23. Rc1 Bg3 24. Red1 Qd6 25. Rc2 Bf4 26. Qf2 Rhg8 27. Nc5 Qb6 28. b3 Bd6 0-1

[Event "Omsk-ch op"]
[Site "Omsk"]
[Date "2009.02.18"]
[Round "5"]
[White "Borisov, Sergey"]
[Black "Jushchenko, Varvara"]
[Result "0-1"]
[WhiteElo "2112"]
[BlackElo "2078"]
[PlyCount "124"]
[EventDate "2009.02.12"]
[EventType "swiss"]
[EventRounds "11"]
[EventCountry "RUS"]
[SourceTitle "CBM 129 Extra"]
[Source "ChessBase"]
[SourceDate "2009.05.05"]
[SourceVersion "2"]
[SourceVersionDate "2009.05.20"]
[SourceQuality "1"]

1. d4 Nf6 2. Nf3 e6 3. e3 d5 4. Bd3 Bd6 5. b3 Nbd7 6. Bb2 Qe7 7. Ne5 0-0 8. 0-0 c5 9. Nd2 b6 10. a4 Bb7 11. a5 Rfc8 12. a6 Bc6 13. Nxc6 Rxc6 14. f4 Rac8 15. Qe2 Nf8 16. e4 dxe4 17. Nxe4 Nxe4 18. Qxe4 cxd4 19. Bxd4 Bc5 20. Bxc5 Qxc5+ 21. Kh1 g6 22. Ra4 Qc3 23. Qe2 Nd7 24. Rc4 Rxc4 25. Bxc4 Nf6 26. Rd1 Rc5 27. Qd2 Qb2 28. g3 Kg7 29. Qf2 h5 30. Kg2 h4 31. gxh4 Nd5 32. Rd2 Nc7 33. Qd4+ Qxd4 34. Rxd4 b5 35. Bd3 Nxa6 36. b4 Rc3 37. Kf2 Nc7 38. Ke2 Nd5 39. Kd2 Rc7 40. Bxb5 Rb7 41. Bc6 Rxb4 42. Rxb4 Nxb4 43. Be4 Kf6 44. c4 e5 45. Kc3 a5 46. fxe5+ Kxe5 47. Bg2 f5 48. c5 Nd5+ 49. Kb3 Ne3 50. Ba8 f4 51. Bf3 Nf5 52. Ka4 Nxh4 53. Bh1 f3 54. Bxf3 Nxf3 55. Kxa5 Kd5 56. Kb6 Nd4 57. Kc7 Kxc5 58. Kd7 Kd5 59. Ke7 Ke5 60. Kf7 Kf5 61. Kg7 Nf3 62. h3 Kg5 0-1

[Event "Omsk-ch op"]
[Site "Omsk"]
[Date "2009.02.15"]
[Round "3"]
[White "Usatchev, Sergei"]
[Black "Jushchenko, Varvara"]
[Result "1/2-1/2"]
[WhiteElo "1855"]
[BlackElo "2078"]
[PlyCount "44"]
[EventDate "2009.02.12"]
[EventType "swiss"]
[EventRounds "11"]
[EventCountry "RUS"]
[SourceTitle "CBM 129 Extra"]
[Source "ChessBase"]
[SourceDate "2009.05.05"]
[SourceVersion "2"]
[SourceVersionDate "2009.05.20"]
[SourceQuality "1"]

1. d4 Nf6 2. c4 e5 3. dxe5 Ng4 4. Qd4 d6 5. exd6 Bxd6 6. Nf3 0-0 7. Bg5 Qe8 8. Nc3 Nc6 9. Qd2 Be6 10. e3 f6 11. Bh4 Rd8 12. Qc1 Qf7 13. b3 Qh5 14. Be2 Qa5 15. 0-0 Ba3 16. Qc2 Nb4 17. Qb1 c6 18. Nd4 Bc8 19. Nc2 Nxc2 20. Qxc2 Bb4 21. Rfc1 Bf5 22. e4 Be6 1/2-1/2

[Event "Omsk-ch op"]
[Site "Omsk"]
[Date "2009.02.12"]
[Round "1"]
[White "Lunga, Oleg"]
[Black "Jushchenko, Varvara"]
[Result "0-1"]
[WhiteElo "1603"]
[BlackElo "2078"]
[PlyCount "28"]
[EventDate "2009.02.12"]
[EventType "swiss"]
[EventRounds "11"]
[EventCountry "RUS"]
[SourceTitle "CBM 129 Extra"]
[Source "ChessBase"]
[SourceDate "2009.05.05"]
[SourceVersion "2"]
[SourceVersionDate "2009.05.20"]
[SourceQuality "1"]

1. d4 Nf6 2. c4 e5 3. dxe5 Ng4 4. Nf3 Bc5 5. e3 Nc6 6. Nc3 0-0 7. Be2 Ngxe5 8. 0-0 d6 9. b3 a6 10. Bb2 Nxf3+ 11. Bxf3 Be6 12. Qe2 Rb8 13. Bxc6 bxc6 14. Rfd1 Qh4 0-1

[Event "Omsk op"]
[Site "Omsk"]
[Date "2008.12.07"]
[Round "7"]
[White "Jushchenko, Varvara"]
[Black "Barakin, Gennady"]
[Result "1-0"]
[WhiteElo "2108"]
[BlackElo "1980"]
[PlyCount "115"]
[EventDate "2008.11.23"]
[EventType "swiss"]
[EventRounds "9"]
[EventCountry "RUS"]
[SourceTitle "CBM 127 Extra"]
[Source "ChessBase"]
[SourceDate "2009.01.08"]
[SourceVersion "2"]
[SourceVersionDate "2009.01.28"]
[SourceQuality "1"]

1. c4 d6 2. g3 g6 3. Bg2 Bg7 4. Nc3 c6 5. e3 h5 6. h4 Nd7 7. Nge2 Ne5 8. d3 Bg4 9. f4 Nd7 10. Qc2 f5 11. 0-0 Ngf6 12. Nd4 Nf8 13. Qa4 Kf7 14. Rb1 e5 15. Nf3 Bxf3 16. Bxf3 exf4 17. exf4 Qb6+ 18. Kg2 Ne6 19. Re1 Ng4 20. Bxg4 hxg4 21. Be3 Qc7 22. Ne2 a6 23. b4 Bf6 24. Bf2 Rhe8 25. Qc2 Qd7 26. a4 Rad8 27. b5 axb5 28. axb5 d5 29. bxc6 Qxc6 30. Rb6 Qc8 31. Reb1 Rd7 32. c5 Nd8 33. Nd4 Bxd4 34. Bxd4 Re6 35. Be5 Qa8 36. Qc3 Nc6 37. Qb2 Nd8 38. Bh8 Rde7 39. Qg7+ Ke8 40. Qg8+ Kd7 41. c6+ bxc6 42. Rb7+ Qxb7 43. Rxb7+ Nxb7 44. Be5 Nc5 45. d4 Nd3 46. Qb8 Nxe5 47. fxe5 Rf7 48. Qb7+ Ke8 49. Qc8+ Ke7 50. Qa8 g5 51. hxg5 Rg6 52. Qc8 Re6 53. Qa8 Rg7 54. Kf2 Kf7 55. Qd8 Kg6 56. Ke3 Rge7 57. Qg8+ Rg7 58. Qxe6+ 1-0

[Event "Omsk op"]
[Site "Omsk"]
[Date "2008.11.29"]
[Round "3"]
[White "Pinigin, Vladimir"]
[Black "Jushchenko, Varvara"]
[Result "1/2-1/2"]
[WhiteElo "2054"]
[BlackElo "2108"]
[PlyCount "51"]
[EventDate "2008.11.23"]
[EventType "swiss"]
[EventRounds "9"]
[EventCountry "RUS"]
[SourceTitle "CBM 127 Extra"]
[Source "ChessBase"]
[SourceDate "2009.01.08"]
[SourceVersion "2"]
[SourceVersionDate "2009.01.28"]
[SourceQuality "1"]

1. Nf3 Nf6 2. c4 e6 3. g3 d5 4. Bg2 d4 5. 0-0 Nc6 6. d3 Bc5 7. Na3 0-0 8. Nc2 a5 9. Bd2 e5 10. b3 Qe7 11. a3 Bf5 12. Qc1 e4 13. Nh4 Bg4 14. f3 exf3 15. exf3 Be6 16. Re1 Rfe8 17. Qb2 Qd7 18. b4 axb4 19. axb4 Rxa1 20. Rxa1 Bf8 21. Re1 Rd8 22. f4 Bh3 23. Bf3 Bg4 24. b5 Bxf3 25. Nxf3 Ne7 26. Qxd4 1/2-1/2

[Event "Sibiria Region-ch (Women)"]
[Site "Novokuznetsk"]
[Date "2008.03.20"]
[Round "8"]
[White "Jushchenko, Varvara"]
[Black "Cheremnova, Tamara"]
[Result "1/2-1/2"]
[WhiteElo "2106"]
[BlackElo "2156"]
[PlyCount "211"]
[EventDate "2008.03.13"]
[EventType "swiss"]
[EventRounds "9"]
[EventCountry "RUS"]
[SourceTitle "CBM 123 Extra"]
[Source "ChessBase"]
[SourceDate "2008.05.06"]
[SourceVersion "1"]
[SourceVersionDate "2008.05.06"]
[SourceQuality "1"]

1. c4 c5 2. Nf3 Nf6 3. g3 d5 4. cxd5 Nxd5 5. Bg2 Nc6 6. 0-0 e5 7. Nc3 Nc7 8. d3 Be7 9. Be3 0-0 10. Rc1 Be6 11. a3 Na6 12. Ne4 Qa5 13. Nfd2 Nd4 14. Nc4 Qc7 15. f4 f6 16. Bxd4 exd4 17. f5 Bf7 18. Ncd2 Qd7 19. g4 b6 20. Qe1 Nc7 21. Qg3 Nd5 22. Rf2 Ne3 23. Bf3 Rac8 24. Nf1 c4 25. dxc4 Nxc4 26. Rb1 Nd6 27. Nfd2 Rc2 28. b4 Kh8 29. Bh1 Rfc8 30. Rbf1 Nxe4 31. Nxe4 Qc7 32. Qd3 Qe5 33. Rd1 R2c4 34. Bf3 g6 35. Ng3 Kg7 36. Kg2 Rd8 37. Rd2 Rc3 38. Qa6 Rd7 39. Qa4 b5 40. Qa6 Bd5 41. a4 bxa4 42. Qxa4 Rdc7 43. b5 R3c4 44. Qa6 Bc5 45. Qa1 Bb6 46. Rf1 Rc2 47. Rxc2 Rxc2 48. Qd1 Rc3 49. Qd2 Bxf3+ 50. Rxf3 Rxf3 51. exf3 Qxb5 52. fxg6 hxg6 53. Ne4 Qc6 54. h4 Qd5 55. Qb4 Qa2+ 56. Kh3 Qe6 57. Qb5 Bc7 58. Kg2 a6 59. Qb7 Qe5 60. Qxa6 f5 61. gxf5 gxf5 62. Nf2 Qd6 63. Qd3 Kf6 64. Kf1 Qf4 65. h5 Bd6 66. Ke2 Qe5+ 67. Kf1 Kg5 68. Qb3 Kxh5 69. Qf7+ Kg5 70. Qg8+ Kf6 71. Qh8+ Ke7 72. Qh7+ Ke6 73. Qg8+ Kd7 74. Qf7+ Be7 75. Qc4 Qc5 76. Qf7 Qb5+ 77. Ke1 Qb1+ 78. Ke2 Qb2+ 79. Kf1 Qb5+ 80. Ke1 d3 81. Kd2 Kd8 82. Nxd3 Bg5+ 83. f4 Bxf4+ 84. Nxf4 Qb4+ 85. Ke3 Qe4+ 86. Kf2 Qxf4+ 87. Kg2 Qe4+ 88. Kf2 f4 89. Qa7 Ke8 90. Qb8+ Kd7 91. Qa7+ Ke6 92. Qc5 Kf6 93. Qd6+ Kf5 94. Qd7+ Ke5 95. Qe7+ Kd4 96. Qxe4+ Kxe4 97. Ke2 f3+ 98. Kf2 Kf4 99. Kf1 Kg4 100. Kf2 Kf4 101. Kf1 Kg3 102. Kg1 Kg4 103. Kf2 Kf4 104. Kf1 Ke3 105. Ke1 Kf4 106. Kf2 1/2-1/2

[Event "Sibiria Region-ch (Women)"]
[Site "Novokuznetsk"]
[Date "2008.03.19"]
[Round "7"]
[White "Timofeeva, Ekaterina"]
[Black "Jushchenko, Varvara"]
[Result "1-0"]
[WhiteElo "2222"]
[BlackElo "2106"]
[PlyCount "63"]
[EventDate "2008.03.13"]
[EventType "swiss"]
[EventRounds "9"]
[EventCountry "RUS"]
[SourceTitle "CBM 123 Extra"]
[Source "ChessBase"]
[SourceDate "2008.05.06"]
[SourceVersion "1"]
[SourceVersionDate "2008.05.06"]
[SourceQuality "1"]

1. g3 d5 2. Nf3 Nc6 3. Bg2 Bg4 4. c4 d4 5. Qa4 Qd7 6. 0-0 f6 7. b4 e5 8. b5 Nd8 9. d3 Ne6 10. Nbd2 Nc5 11. Qc2 g5 12. Nb3 0-0-0 13. Ba3 Ne6 14. Bxf8 Rxf8 15. c5 Ne7 16. Na5 Qxb5 17. Nxb7 Qxb7 18. Nxe5 c6 19. Rab1 Qxb1 20. Rxb1 fxe5 21. Qa4 Kd7 22. e3 Nxc5 23. Qxa7+ Kd6 24. exd4 exd4 25. Re1 Be6 26. Rc1 Rf5 27. Qa3 Bc8 28. Qb4 Rd8 29. Bh3 Re5 30. f4 gxf4 31. Qxd4+ Rd5 32. Qxf4+ 1-0

[Event "Sibiria Region-ch (Women)"]
[Site "Novokuznetsk"]
[Date "2008.03.18"]
[Round "6"]
[White "Krapivina, Rimma"]
[Black "Jushchenko, Varvara"]
[Result "0-1"]
[WhiteElo "2103"]
[BlackElo "2106"]
[PlyCount "82"]
[EventDate "2008.03.13"]
[EventType "swiss"]
[EventRounds "9"]
[EventCountry "RUS"]
[SourceTitle "CBM 123 Extra"]
[Source "ChessBase"]
[SourceDate "2008.05.06"]
[SourceVersion "1"]
[SourceVersionDate "2008.05.06"]
[SourceQuality "1"]

1. d4 Nf6 2. c4 e5 3. dxe5 Ng4 4. Qd4 d6 5. exd6 Bxd6 6. Qxg7 Be5 7. Qg5 Qxg5 8. Bxg5 Bxb2 9. h3 Nf6 10. Bf4 Na6 11. f3 Bxa1 12. e4 Nd7 13. Ne2 Bf6 14. Nbc3 c6 15. g4 Ndc5 16. Kd2 Be6 17. e5 Be7 18. Ng3 0-0-0+ 19. Ke3 f6 20. Nge4 Nxe4 21. Nxe4 fxe5 22. Bxe5 Rhe8 23. f4 Nc5 24. Nc3 Bd6 25. Bxd6 Rxd6 26. Kf3 Rd2 27. f5 Bd7 28. Ne2 Rxa2 29. Nf4 Ra1 30. Bg2 Rxh1 31. Bxh1 a5 32. Ne2 a4 33. Nc3 a3 34. Kf4 h6 35. h4 Nd3+ 36. Kf3 h5 37. Bg2 Ne1+ 38. Kf2 Nxg2 39. Kxg2 hxg4 40. f6 Rf8 41. Kg3 Rxf6 0-1

[Event "Izmailov Memorial op 11th"]
[Site "Tomsk"]
[Date "2007.??.??"]
[Round "1"]
[White "Jushchenko, Varvara"]
[Black "Tuzhik, Artem"]
[Result "1-0"]
[WhiteElo "2048"]
[BlackElo "2328"]
[PlyCount "71"]
[EventDate "2007.06.25"]
[EventType "swiss"]
[EventRounds "9"]
[EventCountry "RUS"]
[SourceTitle "EXT 2008"]
[Source "ChessBase"]
[SourceDate "2007.11.25"]
[SourceVersion "1"]
[SourceVersionDate "2007.11.25"]
[SourceQuality "1"]

1. c4 e5 2. Nc3 Nc6 3. g3 Bb4 4. Nd5 Bc5 5. Bg2 Nf6 6. e3 0-0 7. Ne2 Nxd5 8. cxd5 Ne7 9. 0-0 d6 10. d3 Bg4 11. Bd2 f5 12. b4 Bb6 13. a4 f4 14. exf4 exf4 15. Bxf4 Ng6 16. Be3 Ne5 17. Qc2 Nf3+ 18. Kh1 Qe8 19. Ng1 Bxe3 20. Nxf3 Bxf3 21. Rae1 Bxg2+ 22. Kxg2 Qh5 23. Rxe3 Qxd5+ 24. Kg1 Rf7 25. Qc4 Qf5 26. Re7 Rc8 27. Rxf7 Qxf7 28. Qd4 b6 29. Rc1 Re8 30. b5 Re5 31. Kg2 g5 32. Rc2 h5 33. h3 Kf8 34. f4 gxf4 35. Qxf4 Rf5 36. Qxf5 1-0